[Event "Nakhchivan Open A 2013"]
[Site "Nakhchivan AZE"]
[Date "2013.04.29"]
[Round "7.12"]
[White "Javakhadze,Z"]
[Black "Mirzoev,A"]
[Result "1/2-1/2"]
[WhiteElo "2448"]
[BlackElo "2557"]

1.Nf3 d5 2.g3 Nf6 3.Bg2 c6 4.O-O Bg4 5.d3 Nbd7 6.Nbd2 e5 7.e4 Bd6 8.h3 Bh5
9.exd5 cxd5 10.c4 O-O 11.cxd5 Nxd5 12.Qb3 N7b6 13.Nc4 Re8 14.Nxb6 Nxb6 15.Be3 Rb8
16.Rfe1 Kh8 17.g4 Bg6 18.a4 Bc7 19.Ng5 Qd7 20.a5 Nc8 21.Ne4 b6 22.a6 Ne7
23.Nc3 f5 24.Qb5 Qd8 25.Bg5 h6 26.Bh4 fxg4 27.hxg4 Bxd3 28.Qb3 Qd4 29.Red1 Ng6
30.Nb5 Qxg4 31.Qxd3 Nxh4 32.Qg3 Qxg3 33.fxg3 Nxg2 34.Kxg2 Re7 35.Nxa7 e4
36.Nb5 Be5 37.a7 Ra8 38.Rd2 Kh7 39.Re2 Rd7 40.Ra6 Rd3 41.Rxe4 Rxg3+ 42.Kf1 Rg5
43.Rxb6 Bg3 44.Re7 h5 45.Rbb7 h4 46.Nc7 Bxc7 47.Rexc7 h3 48.Rc4 Ra5 49.Rg4 Kh6
50.Rgxg7 Ra1+ 51.Ke2 h2 52.Rh7+ Kg6 53.Rxh2 R8xa7 54.Rxa7 Rxa7 55.Rf2 Rb7
56.Kd3 Rb8 57.Kc2 Rc8+ 58.Kb1 Rb8 59.Rf3 Kg5 60.b3 Kg4 61.Rd3 Kf4 62.Kb2 Ke4
63.Rd1 Ke5 64.Rd7 Ke6 65.Rd3 Ke5 66.Kc3 Rc8+ 67.Kb4 Rb8+ 68.Ka3 Ra8+ 69.Kb2 Rb8
70.Rc3 Kd5 71.Rc4 Rb5 72.Ka3 Rb8 73.Ka4 Ra8+ 74.Kb4 Rb8+ 75.Kc3 Rb6 76.Rc8 Kd6
77.Rc4 Kd5 78.Rh4 Rb8  1/2-1/2

[Event "Nakhchivan Open A 2013"]
[Site "Nakhchivan AZE"]
[Date "2013.04.29"]
[Round "7.16"]
[White "Gupta,Ab"]
[Black "Dastan,B"]
[Result "1-0"]
[WhiteElo "2591"]
[BlackElo "2402"]

1.Nf3 d5 2.g3 Nf6 3.Bg2 c6 4.c4 dxc4 5.a4 Be6 6.Na3 Bd5 7.Qc2 c5 8.Nxc4 Nc6
9.O-O e6 10.b3 Be4 11.Qd1 Nd4 12.Nxd4 cxd4 13.Bxe4 Nxe4 14.Bb2 Qd5 15.d3 Nc5
16.b4 Na6 17.e4 dxe3 18.Nxe3 Qd7 19.b5 Nb4 20.Qf3 f6 21.Rad1 O-O-O 22.Rfe1 Kb8
23.Qe4 Bc5 24.d4 f5 25.Qb1 Bb6 26.Bc3 Nd5 27.Nxd5 Qxd5 28.a5 Bc7 29.b6 Bd6
30.bxa7+ Ka8 31.Bb4 Qb5 32.Bxd6 Qxb1 33.Rxb1 Rxd6 34.Rb6 Rxd4 35.Rexe6 Rd7
36.a6 Kxa7 37.Rxb7+ Rxb7 38.axb7 Kxb7 39.Re7+ Kc6 40.Rxg7 Kd6 41.Kg2 Ke5
42.Kf3 h5 43.h4 Kf6 44.Rg5 Ke5 45.Rg6 Rh7 46.Ra6  1-0

[Event "Nakhchivan Open A 2013"]
[Site "Nakhchivan AZE"]
[Date "2013.04.29"]
[Round "7.3"]
[White "Pantsulaia,L"]
[Black "Zhigalko,S"]
[Result "1-0"]
[WhiteElo "2556"]
[BlackElo "2656"]

1.Nf3 d5 2.g3 Nf6 3.Bg2 c5 4.c4 d4 5.e3 Nc6 6.exd4 cxd4 7.O-O e5 8.Re1 Nd7
9.d3 Be7 10.Na3 O-O 11.Nc2 a5 12.a3 Re8 13.Bd2 f5 14.b4 Bf6 15.b5 Ne7 16.Ng5 Nc5
17.Qh5 h6 18.Qf7+ Kh8 19.Qh5 Kg8 20.Qf7+ Kh8 21.Qh5 Rf8 22.Nxd4 Qxd4 23.Be3 Qd6
24.Nf7+ Rxf7 25.Qxf7 Nxd3 26.c5 Qe6 27.Qxe6 Bxe6 28.Bxb7 Rb8 29.c6 Nxe1 30.Rxe1 Bc8
31.Bxc8 Nxc8 32.a4 Kg8 33.Rd1 Kf7 34.Rd7+ Ke6 35.Rb7 Ra8 36.c7 Kd7 37.Rb8 f4
38.Bc5  1-0

[Event "Zone 4.2 2013"]
[Site "Cairo EGY"]
[Date "2013.04.30"]
[Round "1.1"]
[White "Shoker,S"]
[Black "Yousry,S"]
[Result "1-0"]
[WhiteElo "2480"]
[BlackElo "2297"]

1.Nf3 d5 2.g3 g6 3.Bg2 Bg7 4.O-O e5 5.c4 c6 6.Qa4 Ne7 7.cxd5 Nxd5 8.Nc3 O-O
9.d3 Nb6 10.Qa3 Re8 11.Be3 Na6 12.b4 Bf8 13.Rab1 Nd5 14.Nxd5 cxd5 15.Qa4 Bd7
16.Qb3 Nc7 17.Rfc1 Bg4 18.h3 Be6 19.Bg5 f6 20.Bxf6 Qxf6 21.Rxc7 e4 22.Nh2 d4
23.Qb2 exd3 24.exd3 a5 25.b5 a4 26.Bxb7 a3 27.Qe2 Rab8 28.Bc6 Bd6 29.Ra7 Bc5
30.Ra6 Re7 31.Qc2 Bb6 32.h4 Kg7 33.Rxa3 Bc7 34.Ra7 Bf7 35.Nf3 h6 36.Be4 Bb6
37.Rxe7 Qxe7 38.Qd2 Qa7 39.Ne5 Be8 40.Bc6 Qc7 41.Qe2 Bc5 42.Qe4  1-0

[Event "Chinese Teams 2013"]
[Site "Tianjin CHN"]
[Date "2013.04.30"]
[Round "1.5"]
[White "Ni Hua"]
[Black "Bai,Jinshi"]
[Result "1-0"]
[WhiteElo "2646"]
[BlackElo "2295"]

1.Nf3 d5 2.g3 Nf6 3.Bg2 g6 4.c4 c6 5.b3 Bg7 6.Bb2 O-O 7.O-O Bg4 8.d3 Nbd7
9.Nbd2 Re8 10.d4 a5 11.a4 Qb6 12.Rc1 Rad8 13.Nh4 Be6 14.Qc2 Nb8 15.e3 Na6
16.Ba3 Rc8 17.h3 Nb4 18.Qb1 Nd7 19.g4 f6 20.Nhf3 Bh6 21.Ne1 f5 22.Nd3 fxg4
23.hxg4 Bxg4 24.Bxb4 axb4 25.cxd5 cxd5 26.Bxd5+ Kg7 27.Rxc8 Rxc8 28.Rc1 Rf8
29.Qc2 Qf6 30.Bg2 Qh4 31.Qc7 Bg5 32.f4 Bf6 33.Qxb7 g5 34.Qe4 gxf4 35.Nxf4 Rg8
36.a5 Kh8 37.a6 Bh3 38.Nxh3 Qxh3 39.Rc8 Qg3 40.Rxg8+ Kxg8 41.a7  1-0

[Event "48th Capablanca Mem Elite"]
[Site "Havana CUB"]
[Date "2013.05.01"]
[Round "10.3"]
[White "Harikrishna,P"]
[Black "Inarkiev,E"]
[Result "1/2-1/2"]
[WhiteElo "2705"]
[BlackElo "2688"]

1.Nf3 d5 2.g3 g6 3.c4 c6 4.Qa4 d4 5.d3 Bg7 6.Bg2 e5 7.Nbd2 Ne7 8.b4 O-O 9.Ba3 Nd7
10.O-O Qc7 11.Rfb1 h6 12.Nb3 Re8 13.Nfd2 a6 14.c5 Nf6 15.Nc4 Ned5 16.Bb2 Bg4
17.Re1 Rad8 18.Rac1 Bf8 19.Nbd2 h5 20.a3 h4 21.Ne4 hxg3 22.hxg3 Bh6 23.Rcd1 Kg7
24.Ned6 Re7 25.Qc2 Kg8 26.Ra1 Ne8 27.e3 dxe3 28.Nxe5 Be6 29.Nec4 exf2+ 30.Qxf2 Bg7
31.Bxg7 Kxg7 32.Qd4+ Kg8 33.Kf2 Ndf6 34.Rh1 Bxc4 35.dxc4 Re5 36.Kg1 Qe7 37.Rh8+ Kxh8
38.Qxe5 Rd7 39.Qxe7 Rxe7 40.Bh3 Kg7 41.Kf1 Nh5 42.Bc8 Kf8 43.Kf2 Rc7 44.Bh3 f5
45.Re1 Nhg7 46.g4 Rd7 47.Rd1 b6 48.gxf5 bxc5 49.bxc5 Nxf5 50.Bxf5 gxf5 51.Kf3 Ng7
52.Rb1 Ne6 53.Rb6 a5 54.Ra6 Ke7 55.Nxf5+ Kf6 56.Nd6 Ke5 57.Ke3 Rh7 58.Rxc6 Rh3+
59.Kf2 Nxc5 60.Nb5 Ne4+ 61.Kg2 Rg3+ 62.Kh2 Rg5 63.Kh3 Kf4 64.Rc8 Nd2 65.Rf8+ Ke3
66.Nd6 Nf3 67.Re8+ Kd3 68.Rd8 Ke3 69.Re8+ Kd3 70.Rd8 Ng1+ 71.Kh4 Nf3+ 72.Kh3 Ng1+
73.Kh4 Nf3+ 74.Kh3 Ng1+  1/2-1/2

[Event "48th Capablanca Open I 2013"]
[Site "Havana CUB"]
[Date "2013.05.01"]
[Round "10.32"]
[White "Ochoa de la Rosa,M"]
[Black "Alonso,Ju"]
[Result "0-1"]
[WhiteElo "2231"]
[BlackElo "2318"]

1.Nf3 d5 2.g3 e6 3.Bg2 Nf6 4.O-O Be7 5.d4 O-O 6.c4 dxc4 7.Qc2 b5 8.a4 b4
9.Ne5 Qxd4 10.Nxc4 Nd5 11.Rd1 Qc5 12.Nbd2 Ba6 13.e3 Nc6 14.Bf1 Nf6 15.Nb3 Qh5
16.e4 Ng4 17.h4 Bxc4 18.Bxc4 Nce5 19.Be2 Bxh4 20.Kg2 Bxg3 21.Rh1 Bh4 22.f3 Nf2
23.Rg1 Rad8 24.Be3 Nfd3 25.Nc5 Nxc5 26.Qxc5 Bf6 27.Rh1 Qg6+ 28.Kf2 Nd7 29.Qc2 b3
30.Qxb3 Bg5 31.f4 Qf6 32.Kg3 Bh6 33.Qc2 e5 34.Rxh6 Qxh6 35.Bf3 Nf6 36.Rh1 exf4+
37.Bxf4 Qg6+ 38.Kf2 Rfe8  0-1

[Event "Zonal 2.4 Absoluto 2013"]
[Site "Manaus BRA"]
[Date "2013.05.01"]
[Round "7.30"]
[White "Pessoa,Hudson Anselmo"]
[Black "Benayon,Elismar da Silva"]
[Result "0-1"]
[WhiteElo "1930"]
[BlackElo "1808"]

1.Nf3 d5 2.g3 Nc6 3.Bg2 e5 4.d3 f5 5.O-O Nf6 6.Bg5 Be7 7.Nbd2 e4 8.Ne1 O-O
9.c3 h6 10.Bxf6 Bxf6 11.Nc2 Ne5 12.dxe4 fxe4 13.f3 exf3 14.Nxf3 Nc4 15.Qc1 Bg4
16.h3 Bf5 17.Nfd4 Bg5 18.e3 Bxc2 19.Nxc2 Rxf1+ 20.Bxf1 Qd6 21.Kg2 Re8 22.Bxc4 dxc4
23.Qf1 Qd2+ 24.Qf2 Qd5+ 25.Kh2 Rf8 26.Qe2 Qd3 27.Re1 Rd8 28.Kg2 Qe4+ 29.Kh2 c5
30.h4 Bf6 31.Na3 Kh8 32.Nxc4 b5 33.Nd2 Qd5 34.Nf3 Qxa2 35.Qxb5 Bxc3 36.Re2 Bb4
37.e4 Qb3 38.Kg2 Rf8 39.Ne5 Kh7 40.Qd3 Qxd3 41.Nxd3 Rd8 42.Nf4 Rd2 43.Kf3 Rxe2
44.Kxe2 g5 45.hxg5 hxg5 46.Ne6 Kg6 47.g4 Kf6 48.Nc7 Ke5 49.Kf3 a5 50.Nd5 Bd2
51.Nb6 Kd4 52.Nd7 c4 53.Nb8 a4 54.Nc6+ Kc5 55.Nd8 c3 56.bxc3 a3 57.Ne6+ Kc4
58.Nd4 Bxc3 59.Nc2 a2 60.Ke2 a1=Q 61.Nxa1 Bxa1  0-1

[Event "Chinese Teams 2013"]
[Site "Tianjin CHN"]
[Date "2013.05.01"]
[Round "2.3"]
[White "Ju Wenjun"]
[Black "Shen Yang"]
[Result "0-1"]
[WhiteElo "2521"]
[BlackElo "2397"]

1.Nf3 d5 2.g3 Nc6 3.Bg2 e5 4.d3 Nf6 5.O-O Be7 6.c4 dxc4 7.dxc4 Qxd1 8.Rxd1 Be6
9.b3 Rd8 10.Rxd8+ Bxd8 11.Nc3 h6 12.Bb2 Nd7 13.Rd1 f6 14.Nd2 Kf7 15.f4 Re8
16.Kf2 f5 17.Bxc6 bxc6 18.Nf3 Bf6 19.Na4 e4 20.Nd4 Bxd4+ 21.Bxd4 a6 22.Bc3 Rb8
23.Ba5 Rb7 24.Ke3 Ke7 25.Bc3 g6 26.Bg7 h5 27.Kd4 Rb8 28.Bh6 Rd8 29.Kc3 Rb8
30.Bg5+ Kf7 31.Kd4 Ra8 32.Nc5 Rb8 33.Rd2 a5 34.e3 Ra8 35.h3 Rb8 36.Rh2 Nxc5
37.Kxc5 Bd7 38.Rd2 Ke6 39.Bf6 Ra8 40.Be5 Ra7 41.Rh2 Be8 42.Rg2 Kd7 43.g4 hxg4
44.hxg4 fxg4 45.Rxg4 a4 46.b4 Ra8 47.Rh4 Rd8 48.Bf6 Rb8 49.Rh8 Rc8 50.Rf8 Ke6
51.Be5 Ke7 52.Rh8 Rd8 53.Bxc7 Rd2 54.Bd6+ Kd8 55.a3 Rd3 56.Rxe8+ Kxe8 57.Kxc6 Rxa3
58.b5 Rxe3 59.b6 Rb3 60.Bc5 e3 61.b7 e2 62.Bb6 e1=Q 63.b8=Q+ Kf7 64.Qb7+ Qe7
65.c5 Qxb7+ 66.Kxb7 Ke6 67.c6 Rc3 68.Bd4 Rc2  0-1

[Event "Chinese Teams 2013"]
[Site "Tianjin CHN"]
[Date "2013.05.02"]
[Round "3.1"]
[White "Wang Yue"]
[Black "Zeng,C"]
[Result "0-1"]
[WhiteElo "2706"]
[BlackElo "2504"]

1.Nf3 d5 2.g3 Nf6 3.Bg2 g6 4.c4 dxc4 5.Na3 Bg7 6.Nxc4 O-O 7.O-O Be6 8.Qc2 Nc6
9.d3 Bd5 10.e4 Bxc4 11.Qxc4 Nd7 12.Rd1 Nb6 13.Qc2 Nd4 14.Nxd4 Bxd4 15.Bh6 Re8
16.e5 c6 17.Re1 Nd5 18.Re2 Nc7 19.Re4 Qd5 20.Qe2 Ne6 21.Rc1 Qxa2 22.Bh3 Rad8
23.Rc4 Qxb2 24.Qxb2 Bxb2 25.Bxe6 fxe6 26.Rb4 Bc3 27.Rxb7 a5 28.Bg5 Bb4 29.Rb6 c5
30.Rxe6 a4 31.Re2 Rxd3 32.Ra6 a3 33.e6 Rdd8 34.Rb6 Ra8 35.Ra2 Reb8 36.Rc6 Rc8
37.Rb6 Rab8 38.Ra6 c4 39.Bf4 Ra8 40.Rb6 Bd6 41.Bxd6 exd6 42.Rxd6 c3 43.Rd1 Kf8
44.Rc1 Ke7 45.Kf1 Kxe6 46.Ke2 Kd5 47.Kd3 c2 48.f3 h5 49.h4 Ra4 50.Rcxc2 Rd4+
51.Ke3 Rxc2 52.Rxc2 Ra4 53.Rc1 a2 54.Ra1 Ke5 55.Kf2 Ra3 56.Kg2 Kd4 57.g4 Kc3
58.Kg3 Kb2 59.Re1 a1=Q 60.Rxa1 Kxa1 61.Kf4 Ra5  0-1

[Event "Old Capital Open 2013"]
[Site "Veliko Tarnovo BUL"]
[Date "2013.05.02"]
[Round "2.10"]
[White "Katov,L"]
[Black "Stefanov,E"]
[Result "1-0"]
[WhiteElo "2281"]
[BlackElo "2004"]

1.Nf3 d5 2.g3 g6 3.c4 c6 4.Bg2 Bg7 5.O-O e5 6.Qa4 Nd7 7.cxd5 Nb6 8.Qh4 Qxh4
9.Nxh4 cxd5 10.Nc3 Ne7 11.d3 O-O 12.Bg5 f6 13.Bd2 Bd7 14.a4 Bc6 15.Rfc1 Rac8
16.b4 d4 17.Nb5 Bxb5 18.axb5 Rxc1+ 19.Bxc1 Rc8 20.Bxb7 Rc7 21.Bf3 Nbd5 22.Bd2 Nc3
23.e3 Nxb5 24.Ra5 Nc3 25.exd4 g5 26.d5 Ncxd5 27.Bxd5+ Nxd5 28.Nf5 Rd7 29.Rxd5  1-0

[Event "Old Capital Open 2013"]
[Site "Veliko Tarnovo BUL"]
[Date "2013.05.02"]
[Round "2.7"]
[White "Galunov,T"]
[Black "Iliev,N"]
[Result "1-0"]
[WhiteElo "2342"]
[BlackElo "2079"]

1.Nf3 d5 2.g3 Nf6 3.Bg2 Bf5 4.c4 c6 5.cxd5 cxd5 6.Qb3 Qb6 7.Qxb6 axb6 8.Nc3 Nc6
9.d3 e6 10.O-O Bc5 11.Bd2 d4 12.Nb5 O-O 13.b4 Bxb4 14.Bxb4 Nxb4 15.Nfxd4 Bg4
16.h3 e5 17.hxg4 exd4 18.Bxb7 Rab8 19.Bf3 Nc2 20.Rac1 Rfc8 21.g5 Ne8 22.Na7 Rc5
23.Nc6 Rb7 24.Nb4 Rbc7 25.Na6  1-0

[Event "Old Capital Open 2013"]
[Site "Veliko Tarnovo BUL"]
[Date "2013.05.02"]
[Round "3.19"]
[White "Kolev,Vel"]
[Black "Romcovici,V"]
[Result "0-1"]
[WhiteElo "1919"]
[BlackElo "2152"]

1.Nf3 d5 2.g3 c5 3.Bg2 Nc6 4.d4 e6 5.O-O Nf6 6.c4 dxc4 7.Qa4 Bd7 8.Qxc4 cxd4
9.Nxd4 Rc8 10.Nxc6 Bxc6 11.Bxc6+ Rxc6 12.Qb5 Qc8 13.Nc3 a6 14.Qb3 b5 15.a3 h6
16.Bf4 Be7 17.Rad1 O-O 18.Rd3 Ng4 19.Qd1 e5 20.Bc1 f5 21.Rd7 Bc5 22.Rd3 e4
23.Qb3+ Kh8 24.Rdd1 e3 25.f3 Nf2 26.Rd5 f4 27.Rh5 Rg6 28.Qc2 Re6 29.Qb1 Qe8
30.Rh4 Be7 31.Rxf4 Nh3+ 32.Kh1 Rxf4 33.gxf4 Nf2+ 34.Rxf2 exf2 35.Be3 Bh4
36.Bd4 Rg6 37.Bxf2 Bxf2 38.h3 Rg1+ 39.Qxg1 Bxg1 40.Kxg1 Qe3+ 41.Kg2 Qxf4  0-1

[Event "Llucmajor Open 2013"]
[Site "Llucmajor ESP"]
[Date "2013.05.03"]
[Round "7.7"]
[White "Zaragatski,I"]
[Black "Sudakova,I"]
[Result "1-0"]
[WhiteElo "2469"]
[BlackElo "2340"]

1.Nf3 d5 2.g3 Nf6 3.Bg2 c5 4.O-O Nc6 5.d4 e6 6.c4 dxc4 7.dxc5 Qxd1 8.Rxd1 Bxc5
9.Nbd2 c3 10.bxc3 O-O 11.Nb3 Bb6 12.Ba3 Re8 13.Nfd4 Ne5 14.Nb5 Nc4 15.Bc5 Bd7
16.Nd6 Nxd6 17.Bxb6 Nc4 18.Bc5 Bc6 19.Bxc6 bxc6 20.Rd4 Nb6 21.Na5 Rec8 22.e4 e5
23.Rb4 Nfd7 24.Be3 Rc7 25.c4 c5 26.Rb5 f6 27.Rd1 Kf7 28.Kg2 Re8 29.Rd6 Re6
30.Rd3 Ke7 31.f3 Rd6 32.Rxd6 Kxd6 33.f4 Ke7 34.f5 Nc8 35.Kf3 Nd6 36.Rb2 Nb6
37.Rc2 g6 38.g4 g5 39.Bf2 Nd7 40.h4 h6 41.Rb2 Nb6 42.Rc2 Nd7 43.hxg5 hxg5
44.Be3 Nb7 45.Nb3 Kd6 46.Rh2 Rc8 47.Rh6 Kc7 48.Ke2 Rf8 49.Kd3 Rd8 50.Kc2 Rf8
51.Bf2 Rf7 52.Nd2 Na5 53.Kd3 Nc6 54.a3 Nd4 55.Nb1 Rf8 56.Nc3 Rf7 57.Nd5+ Kb7
58.Be1 Nc6 59.Bd2 Nd4 60.Rh8 Nc6 61.Bc3 Nb6 62.Re8 Rh7 63.Nxf6 Rh3+ 64.Kc2 Nxc4
65.Nd5 Nd4+ 66.Bxd4 cxd4 67.Re7+ Kb8 68.Nb4 Nxa3+ 69.Kd1 Rh1+ 70.Ke2 Rh2+
71.Kf3 Rh3+ 72.Kg2 Rc3 73.f6 Nc2 74.f7 Ne3+ 75.Kf2 Nxg4+ 76.Kg2 Ne3+ 77.Kh3 Nf5+
78.Kh2  1-0

[Event "Zonal 2.4 Absoluto 2013"]
[Site "Manaus BRA"]
[Date "2013.05.03"]
[Round "9.7"]
[White "Gallo Ponce,E"]
[Black "Macedo,MIa"]
[Result "1-0"]
[WhiteElo "2233"]
[BlackElo "2386"]

1.Nf3 d5 2.g3 Nf6 3.Bg2 c6 4.b3 Bf5 5.d3 h6 6.Nbd2 e6 7.Bb2 Be7 8.O-O O-O
9.c4 a5 10.a3 Nbd7 11.Rc1 Bh7 12.Rc2 Qb6 13.Qa1 Qa6 14.Ne5 Nxe5 15.Bxe5  1-0

[Event "Zonal 2.4 Absoluto 2013"]
[Site "Manaus BRA"]
[Date "2013.05.03"]
[Round "9.19"]
[White "Barbosa,Celio Oliveira"]
[Black "Caetano,Hugo Zanotti Mendonca"]
[Result "0-1"]
[WhiteElo "2056"]
[BlackElo "2150"]

1.Nf3 d5 2.g3 c5 3.Bg2 Nc6 4.d3 e5 5.O-O f6 6.e4 d4 7.Nbd2 Bg4 8.a4 Qd7 9.Re1 Nge7
10.Nc4 g5 11.Qd2 Ng6 12.c3 h5 13.cxd4 cxd4 14.Qc2 h4 15.Bd2 Bh3 16.Re2 Nf4
17.Bxf4 gxf4 18.Rf1 Qg4 19.Ncd2 hxg3 20.fxg3 fxg3 21.Bxh3 Rxh3 22.Rg2 gxh2+
23.Kh1 Qe6 24.Nc4 O-O-O 25.Na5 Kb8 26.Qc4 Qxc4 27.Nxc4 Nb4 28.Rg6 Be7 29.Rg7 Re8
30.Nfd2 Nxd3 31.a5 Nf4 32.a6 Nh5  0-1

[Event "46th ch-JPN"]
[Site "Tokyo JPN"]
[Date "2013.05.03"]
[Round "5.1"]
[White "Noguchi,K"]
[Black "Kojima,S"]
[Result "0-1"]
[WhiteElo "2062"]
[BlackElo "2384"]

1.Nf3 d5 2.g3 Nf6 3.Bg2 c6 4.O-O Bg4 5.d3 Nbd7 6.Nbd2 e5 7.h3 Bh5 8.e4 dxe4
9.dxe4 Qc7 10.Qe2 Bc5 11.Rd1 O-O 12.Nf1 Rfe8 13.g4 Bg6 14.Ng3 Nf8 15.c3 Ne6
16.Ne1 a5 17.Nd3 Bb6 18.h4 Nf4 19.Qf3 h5 20.Nxe5 Nxg2 21.Nxg6 fxg6 22.Kxg2 Nxg4
23.Bf4 Qf7 24.Be3 Qxf3+ 25.Kxf3 Bxe3 26.fxe3 Rf8+ 27.Ke2 Rf2+ 28.Ke1 Raf8
29.Rd7 Rg2  0-1

[Event "31st Liechtenstein Open 2013"]
[Site "Triesen LIE"]
[Date "2013.05.03"]
[Round "1.20"]
[White "Leimeister,W"]
[Black "Kessler,L"]
[Result "0-1"]
[WhiteElo "1921"]
[BlackElo "2244"]

1.Nf3 d5 2.g3 Bg4 3.Bg2 c6 4.d3 Nd7 5.Nbd2 e6 6.O-O Bd6 7.Re1 Ne7 8.c3 O-O
9.e4 b5 10.Qc2 Rc8 11.Nf1 a5 12.h4 Bh5 13.N1h2 Bg6 14.Qe2 e5 15.Ng5 dxe4
16.dxe4 h6 17.Nh3 f6 18.Rd1 Nc5 19.h5 Bf7 20.Bxh6 gxh6 21.Qd2 Bxh5 22.g4 Bg6
23.Qxd6 Qxd6 24.Rxd6 Bxe4 25.b4 Bxg2 26.Kxg2 Ne4 27.Rd7 Nd5 28.bxa5 Nexc3
29.a6 Rf7 30.Rd6 Ra7 31.Rc1 Rxa6 32.Nf3 Rxa2 33.Nh4 b4 34.Nf5 b3 35.Nxh6+ Kf8
36.g5 b2 37.Rh1 Ra1 38.g6 Rxh1 39.Rd7 Ke8  0-1

[Event "Old Capital Open 2013"]
[Site "Veliko Tarnovo BUL"]
[Date "2013.05.03"]
[Round "4.7"]
[White "Stamenkov,V"]
[Black "Samu,S"]
[Result "1-0"]
[WhiteElo "2317"]
[BlackElo "2125"]

1.Nf3 d5 2.g3 h5 3.Bg2 e6 4.d4 Bd6 5.c4 c6 6.Nc3 f5 7.Bf4 Nf6 8.Bxd6 Qxd6
9.e3 Nbd7 10.cxd5 exd5 11.Nh4 Nf8 12.Qe2 Ne4 13.f3 Nxg3 14.hxg3 Qxg3+ 15.Kf1 Qg5
16.f4 Qf6 17.Nf3 Ne6 18.Bh3 Rf8 19.Rg1 Bd7 20.Ng5 Nxg5 21.Rxg5 O-O-O 22.Re1 Kb8
23.Qg2 Rf7 24.Rg6 Qe7 25.Qg5 Qf8 26.a3 Re8 27.Kf2 b5 28.Bg2 Be6 29.Na2 a5
30.Nc1 Rc7 31.Nd3 Bc8 32.Rc1 Re6 33.Ne5 c5 34.Bxd5 Rf6 35.Nc6+ Rcxc6 36.Bxc6 cxd4
37.Rxf6 gxf6 38.Qxh5 dxe3+ 39.Kxe3 Qe7+ 40.Kf2 Qd6 41.Kg3 Qc7 42.Qe2 Ba6
43.Qe3 b4 44.axb4 axb4 45.Kf2 Bc8 46.Bf3  1-0

[Event "Old Capital Open 2013"]
[Site "Veliko Tarnovo BUL"]
[Date "2013.05.03"]
[Round "4.1"]
[White "Galunov,T"]
[Black "Drenchev,P"]
[Result "1/2-1/2"]
[WhiteElo "2342"]
[BlackElo "2490"]

1.Nf3 d5 2.g3 Nf6 3.Bg2 e6 4.O-O Be7 5.d4 O-O 6.c4 dxc4 7.Qc2 a6 8.Qxc4 b5
9.Qc2 Bb7 10.Bd2 Be4 11.Qc1 Bb7 12.Qc2 Be4 13.Qc1 Bb7  1/2-1/2

[Event "XV Foment Martinenc"]
[Site "Barcelona ESP"]
[Date "2013.05.04"]
[Round "3.4"]
[White "Jerez Perez,A"]
[Black "Almeida Toledano,D"]
[Result "1-0"]
[WhiteElo "2400"]
[BlackElo "2326"]

1.Nf3 d5 2.g3 Nf6 3.Bg2 c6 4.O-O Bg4 5.h3 Bxf3 6.Bxf3 e5 7.d3 Nbd7 8.c4 d4
9.e3 dxe3 10.Bxe3 Bc5 11.d4 exd4 12.Bxd4 Bxd4 13.Qxd4 O-O 14.Nc3 Re8 15.Be2 Nf8
16.Rfd1 Ne6 17.Qxd8 Raxd8 18.Rxd8 Rxd8 19.Rd1 Rxd1+ 20.Bxd1 Kf8 21.f4 Ke7
22.Kf2 h6 23.Ke3 Ne8 24.f5 Nf8 25.c5 Kf6 26.Kf4 g5+ 27.Ke4 Nd7 28.b4 a5 29.a3 Ke7
30.Kd4 axb4 31.axb4 Nc7 32.Be2 Na6 33.Kc4 b5+ 34.Nxb5 Ne5+ 35.Kd4 f6 36.Nd6 Nxb4
37.Ne4 Nc2+ 38.Kc3 Ne3 39.Nd6 Nd5+ 40.Kd4 Nc7 41.Bf1 Ne8 42.Ne4 Ng7 43.g4 h5
44.Be2 hxg4 45.hxg4 Ne8 46.Nxg5 Nxg4 47.Bxg4 fxg5 48.Bf3 Kf6 49.Bxc6 Nc7
50.Be4 g4 51.c6 g3 52.Ke3 Ke5 53.Kf3 Ne8 54.Bc2 Kd6 55.Kg2 Nc7 56.Be4 Ke5
57.Kxg3 Ne8 58.Kh4 Kf6 59.Kg4 Nc7 60.Kf4 Ne8 61.Bd3 Nc7 62.Ke4 Ne8 63.Kd5 Ke7
64.Ke5 Kd8 65.f6 Nc7 66.Bc4 Ke8 67.Kd6  1-0

[Event "Glenco IM 2013"]
[Site "Fredericia DEN"]
[Date "2013.05.04"]
[Round "7.3"]
[White "Haub,TM"]
[Black "Aabling Thomsen,J"]
[Result "1-0"]
[WhiteElo "2462"]
[BlackElo "2336"]

1.Nf3 d5 2.g3 g6 3.Bg2 Bg7 4.d3 e5 5.Nbd2 Ne7 6.O-O O-O 7.e4 Nbc6 8.c3 a5
9.a4 h6 10.exd5 Nxd5 11.Nc4 Bf5 12.Re1 Re8 13.Ra3 Ra6 14.Bf1 Nb6 15.Nxb6 Rxb6
16.Be3 Ra6 17.d4 Ra8 18.d5 Ne7 19.c4 b6 20.Bg2 Rb8 21.Nd2 Bd7 22.c5 Nf5 23.Nc4 Bf8
24.d6 cxd6 25.Nxb6 Be6 26.Rd3 Nxe3 27.fxe3 Rxb6 28.cxb6 Qxb6 29.Bd5 Bxd5
30.Rxd5 Qxb2 31.Rb5 Qa2 32.Rf1 Be7 33.Rxa5 Bg5 34.Qf3 e4 35.Qf2 Qb3 36.Rb5 Qxe3
37.Kg2 Qxf2+ 38.Kxf2 e3+ 39.Ke2 Rc8 40.Rb2 Kg7 41.Ra2 Ra8 42.h4 Bd8 43.Kxe3 h5
44.Rb1 Ra7 45.Kd4 Kf6 46.Rf1+ Ke7 47.Rb1 Ke6 48.Rb5 Bf6+ 49.Ke4 Be5 50.Kf3 Bd4
51.a5 Ra6 52.g4 hxg4+ 53.Kxg4 Bc5 54.Rb7 f6 55.Rg7 Bb4 56.Re2+ Kd5 57.Rxg6 f5+
58.Kxf5 Rxa5 59.Rg5 Bc3 60.Kg6+ Be5 61.h5 Ra8 62.h6 Rg8+ 63.Kh5 Rh8 64.Rf2 Kd4
65.Rf7 Ke4 66.h7 Ra8 67.Re7 Kf4 68.Kg6 Bd4 69.Rf5+ Kg3 70.Ref7 Ba1 71.Rf8  1-0

[Event "Geneva WGP 2013"]
[Site "Geneva SUI"]
[Date "2013.05.04"]
[Round "2.4"]
[White "Ju Wenjun"]
[Black "Batchimeg,Tuvshintugs"]
[Result "1-0"]
[WhiteElo "2544"]
[BlackElo "2298"]

1.Nf3 d5 2.g3 Nf6 3.Bg2 c6 4.O-O Bg4 5.d3 Nbd7 6.Qe1 e5 7.e4 dxe4 8.dxe4 Bc5
9.Nbd2 O-O 10.h3 Bh5 11.Nc4 Qc7 12.a4 b5 13.Na5 Bb6 14.Nb3 a6 15.Bg5 c5 16.c4 bxc4
17.Nbd2 Ba5 18.Qc1 c3 19.bxc3 c4 20.Qc2 Rac8 21.Rfd1 h6 22.Be3 Nc5 23.g4 Bg6
24.Nh4 Nb3 25.Rab1 Nxd2 26.Rxd2 Rb8 27.Nxg6 fxg6 28.Rdd1 Rxb1 29.Rxb1 Rb8
30.Rxb8+ Qxb8 31.Bf1 Qb3 32.Qxb3 cxb3 33.Bc4+ Kf8 34.Bxb3 Bxc3 35.Bc2 Nd7
36.Bd3 a5 37.Bb5 Nf6 38.Kg2 Nxe4 39.Bd3 Nd6 40.Bxg6 Ke7 41.Kf3 Ke6 42.Bc2 Kd5
43.Bb3+ Kc6 44.Ke2 Bb4 45.Kd3 Bc5 46.Bd2 Bxf2 47.Bxa5 Bd4 48.Bb4 Bb2 49.a5 Bd4
50.Bd1 Kd5 51.Bb3+ Kc6 52.a6 Ba7 53.Bc3 e4+ 54.Ke2 g6 55.Bc2 Kb5 56.Be5 Nf7
57.Bf6 Kxa6 58.Bxe4 Ng5 59.Bd3+ Kb7 60.h4 Ne6 61.Kf3 Nf8 62.Bg7 Bc5 63.Bxh6 Nd7
64.Bg7 Be7 65.g5 Kc6 66.Bxg6 Kd6 67.Ke4 Ke6 68.Bf5+ Kf7 69.Bd4 Nf8 70.Kf4 Bb4
71.Kg4 Bd2 72.h5  1-0

[Event "4NCL 2012-13"]
[Site "Hinckley ENG"]
[Date "2013.05.04"]
[Round "9.182"]
[White "Cooper,J"]
[Black "Cooksey,P"]
[Result "0-1"]
[WhiteElo "2343"]
[BlackElo "2279"]

1.Nf3 d5 2.g3 Nf6 3.Bg2 c6 4.O-O Bg4 5.c4 e6 6.cxd5 exd5 7.d3 Be7 8.Nc3 O-O
9.h3 Bxf3 10.Bxf3 Nbd7 11.e4 dxe4 12.dxe4 Re8 13.Qc2 Bb4 14.Na4 Qe7 15.a3 Bd6
16.Rd1 Rad8 17.Be3 Ne5 18.Bg2 b5 19.Nc3 Nc4 20.Bd4 h5 21.a4 b4 22.Ne2 Na5
23.e5 Bxe5 24.Bc5 Rxd1+ 25.Rxd1 b3 26.Qc1 Bxb2 27.Bxe7 Bxc1 28.Bxf6 Rxe2
29.Bc3 b2 30.Rd8+ Kh7 31.Rb8 Nc4 32.Bf1 Nb6 33.Bxb2 Rxb2 34.Bd3+ g6 35.Rb7 Kg7
36.a5 Nd5 37.a6 Ra2 38.Rxa7 Bb2 39.Bc4 Ra4 40.Bb3 Ra1+ 41.Kg2 Bd4  0-1

[Event "Llucmajor Open 2013"]
[Site "Llucmajor ESP"]
[Date "2013.05.04"]
[Round "8.3"]
[White "Movsziszian,K"]
[Black "Zaragatski,I"]
[Result "1-0"]
[WhiteElo "2475"]
[BlackElo "2469"]

1.Nf3 d5 2.g3 Nc6 3.Bg2 e5 4.d3 Nf6 5.O-O Be7 6.c3 a5 7.Nbd2 O-O 8.e4 dxe4
9.dxe4 Bc5 10.Qc2 b6 11.Nb3 Bd6 12.a4 Nd7 13.Rd1 Qe7 14.Nh4 g6 15.Bf1 Nc5
16.Nd2 Be6 17.Bc4 Nd8 18.Ng2 Ndb7 19.Ne3 c6 20.Bxe6 Nxe6 21.Ndc4 Bc7 22.Ng4 f6
23.Bh6 Rfd8 24.h4 Rxd1+ 25.Qxd1 Nbc5 26.Qf3 Bd8 27.h5 Ra7 28.hxg6 hxg6 29.Kg2 Rd7
30.Be3 Rd3 31.Nh6+ Kg7 32.Qg4 Ng5 33.Bxg5 fxg5 34.Rh1 Qd7 35.Nf5+ Kf6 36.Rh6 Ne6
37.Rxg6+  1-0

[Event "46th ch-JPN"]
[Site "Tokyo JPN"]
[Date "2013.05.05"]
[Round "9.4"]
[White "Nanjo,R"]
[Black "Tanaka,T"]
[Result "1-0"]
[WhiteElo "2327"]
[BlackElo "1838"]

1.Nf3 d5 2.g3 Nf6 3.Bg2 Nc6 4.d4 e6 5.O-O Bd6 6.c4 dxc4 7.Nbd2 e5 8.Nxe5 Nxe5
9.dxe5 Bxe5 10.Nxc4 Qe7 11.Nxe5 Qxe5 12.Bf4 Qe7 13.Rc1 c6 14.Rxc6 O-O 15.Rc7 Qe6
16.a3 Qb6 17.Qc2 h6 18.Rd1 Re8 19.Rd2 Ng4 20.e3 Qa5 21.Rc5 Qa6 22.Rd6  1-0

[Event "FSFMB May 2013"]
[Site "Budapest HUN"]
[Date "2013.05.06"]
[Round "3.1"]
[White "Rekasi,Tibor"]
[Black "Nemeth,O"]
[Result "1-0"]
[WhiteElo "1633"]
[BlackElo "1754"]

1.Nf3 d5 2.g3 Nc6 3.Bg2 Nf6 4.d4 Bf5 5.a3 e6 6.O-O Bd6 7.Bg5 h6 8.Bxf6 Qxf6
9.e3 g5 10.Nc3 a6 11.Re1 Qg6 12.Rc1 Na5 13.Nd2 h5 14.e4 dxe4 15.Ncxe4 O-O-O
16.Nxd6+ Rxd6 17.b4 Nc6 18.c3 g4 19.Nc4 Rdd8 20.Bxc6 bxc6 21.Ne5 Qf6 22.Qa4 Rd6
23.Qxa6+ Kb8 24.Nxc6+ Rxc6 25.Qxc6 h4 26.a4 hxg3 27.fxg3 Qh6 28.Qg2 Bd3 29.Ra1 Bc4
30.a5 Bd5 31.Qf2 f5 32.Re2 Qh3 33.b5 Bf3 34.Rxe6 f4 35.Rae1 fxg3 36.Re8+ Kb7
37.Qxg3 Qxg3+ 38.hxg3 Rh1+ 39.Kf2 Rh2+ 40.Ke3 Rg2 41.Kf4 Rf2 42.R8e7 Bc6+
43.Kxg4 Bxb5 44.R1e3 Ra2 45.R3e5 Ba6 46.Kg5 Rg2 47.Rc5 Rxg3+ 48.Kf4 Rg6 49.Rcxc7+ Kb8
50.Rc5 Rf6+ 51.Rf5 Rc6 52.Rf8+ Bc8 53.Ree8 Rxc3 54.Rxc8+  1-0

[Event "4NCL 2012-13"]
[Site "Hinckley ENG"]
[Date "2013.05.06"]
[Round "11.162"]
[White "Cooper,J"]
[Black "Bird,A"]
[Result "1-0"]
[WhiteElo "2343"]
[BlackElo "2210"]

1.Nf3 d5 2.g3 Nf6 3.Bg2 g6 4.c4 dxc4 5.Na3 Be6 6.Qc2 Bg7 7.Nxc4 O-O 8.d3 Nc6
9.Bd2 Nd5 10.O-O Bg4 11.Bc3 Nxc3 12.bxc3 Rb8 13.Rab1 Be6 14.Ncd2 b6 15.Nb3 Ne5
16.Nxe5 Bxe5 17.d4 Bg7 18.c4 Bd7 19.c5 Bf5 20.Be4 Be6 21.Rfd1 f5 22.d5 Bd7
23.Bf3 f4 24.Qc4 fxg3 25.hxg3 Kh8 26.Nd4 Qe8 27.Kg2 Qf7 28.c6 Bf5 29.Rb3 Be5
30.Ne6 Bxe6 31.dxe6 Qg7 32.Rd7 Bd6 33.Rd3 b5 34.Qc2 Qf6 35.R3xd6 cxd6 36.Rxa7 Rbc8
37.c7 d5 38.Qc6 d4 39.Rb7 Qe5 40.Qd7 Rfe8 41.Qd5 Qxd5 42.Bxd5 Kg7 43.Bc6 Rf8
44.Bxb5 Kf6 45.Bd7 Ke5 46.a4 Kd5 47.Bxc8 Rxc8 48.a5 Kc6 49.Rb1 g5 50.g4 h6
51.Kg3 Kc5 52.Kf3  1-0